[Event "Modbury Championship"]
[Site "Modbury"]
[Date "2002.06.28"]
[Round "3.1"]
[White "Porlaje, Benjamin"]
[Black "Watters, Daniel"]
[Result "1-0"]
[WhiteElo "1493"]
[BlackElo "1492"]
[Annotator "Fritz 7"]
[PlyCount "87"]
[EventDate "2002.08.02"]
[EventType "tourn"]
[EventRounds "7"]
[EventCountry "AUS"]

{B86: Sicilian Scheveningen/Najdorf: 6 Bc4, without early ...b5} 1. e4 c5 2.
Nf3 d6 3. d4 cxd4 4. Nxd4 Nf6 5. Nc3 a6 6. Bc4 e6 7. Bg5 Be7 8. O-O O-O (8...
b5 9. Bb3 O-O 10. a4 b4 11. Na2 Qb6 12. Be3 Qb7 13. f3 e5 14. Nf5 Bxf5 15. exf5
d5 16. f4 Nbd7 17. fxe5 Nxe5 18. Bd4 Bd6 19. Nc1 Qc7 20. Kh1 Rfe8 21. Nd3 Neg4
22. Bxd5 Rad8 23. Bxf6 {Buenermann,V-Gutman,L/Kassel 1994/GER/0-1 (34)}) 9. Re1
(9. Qd2 Nc6 10. Nxc6 bxc6 11. Qe2 d5 12. exd5 cxd5 13. Bd3 Bb7 14. Bxf6 Bxf6
15. Rad1 Qc7 16. Qd2 Rac8 17. Ne2 Bxb2 18. Rb1 Be5 19. f4 Bd6 20. Rb3 Bc6 21.
Bxa6 Qa7+ 22. Kh1 Qxa6 23. Ng3 Ba4 {
Poetsch,H-Stuckenschneider Braun,M/Baunatal 2001/CB42/0-1 (36)}) 9... Qc7 $146
(9... Nc6 10. Nxc6 bxc6 11. e5 dxe5 12. Qxd8 Rxd8 13. Ne4 Kf8 14. Nc3 h6 15.
Bh4 Rd4 16. Bxf6 Bxf6 17. Re4 Bb7 18. Rxd4 exd4 19. Ne4 Be7 20. Rd1 c5 21. Ng3
a5 22. Bd3 Rb8 23. b3 a4 24. Be4 axb3 25. Bxb7 bxc2 26. Rc1 d3 27. Ne4 Bg5 28.
Nxg5 d2 {0-1 Schadt,C-Hochgraefe,M/Bargteheide 1989/TD (28)}) (9... Nxe4 10.
Bxe7 Nxc3 11. Bxd8 Nxd1 12. Be7 (12. Raxd1 $143 Rxd8 13. Kf1 b5 $15) 12... Nxb2
13. Bb3 $14 (13. Bxf8 $143 Nxc4 (13... Kxf8 $6 14. Bb3 b5 15. f4 $11) 14. Be7
e5 $17)) 10. Qd3 Nbd7 11. Bb3 b5 12. Qh3 Nc5 13. Rac1 (13. a3 $5 $11 {
should not be overlooked}) 13... b4 $15 14. Na4 Ncxe4 15. Bxf6 Nxf6 16. Qf3 (
16. c3 d5 $15) 16... d5 17. c3 Bd6 18. h3 bxc3 19. Rxc3 Qb7 20. Rc6 (20. Rec1
Ne4 21. R3c2 a5 $17) 20... Qb4 (20... Bd7 $5 21. Rxd6 Bxa4 22. Bxa4 Qb4 23.
Rdxe6 fxe6 $19) 21. Rd1 Rb8 $4 {weakening the position} (21... Bd7 $142 22. Rb6
Qa5 23. Rxd6 Bxa4 24. Bxa4 Qxa4 $17) 22. a3 $18 Qa5 23. Rxd6 Ne4 24. Rc6 Bd7
25. Qf4 (25. Qd3 $142 $5 Ra8 26. f3 Bxc6 27. Nxc6 $18) 25... Rxb3 {
Eliminates the defender b3} 26. Nxb3 Qxa4 {Theme: Double Attack} 27. Rb6 Bb5
28. Qe3 Nc5 29. Qxc5 Qxb3 30. Rc1 Qxb2 $4 {causes even greater problems} (30...
h6 $142 $16) 31. a4 $18 d4 (31... h6 {cannot change destiny} 32. axb5 (32. Rxb5
$2 axb5 33. axb5 Rb8 $19) 32... axb5 33. Rxb5 $18) 32. axb5 a5 (32... axb5 {
does not improve anything} 33. Rxb5 Qd2 34. Rbb1 $18) 33. Rd6 (33. Rc6 g6 34.
b6 Kg7 35. Qe5+ Kg8 $18) 33... g6 (33... h6 {doesn't do any good} 34. b6 Kh7
35. Qc7 $18) 34. b6 a4 (34... d3 {is no salvation} 35. Rxd3 a4 36. Rd4 $18) 35.
Rd7 (35. Rc6 $142 {makes it even easier for White} Kg7 36. Qe5+ Kh6 $18) 35...
Rb8 (35... d3 {is still a small chance} 36. b7 d2 $18) 36. b7 $1 {touché!} a3 (
36... Qxb7 37. Rxb7) 37. Rxd4 (37. Qc8+ $1 Kg7 38. Rxf7+ Kh6 39. Qc7 Qxc1+ 40.
Qxc1+ g5 41. Rf6+ Kg7 42. Qxg5+ Kh8 43. Rf7 Rg8 44. Qe5+ Rg7 45. b8=Q#) 37...
Rxb7 38. g4 (38. Rd8+ $142 {keeps an even firmer grip} Kg7 39. Qf8+ Kf6 40.
Rcd1 $18) 38... a2 (38... h6 {doesn't change anything anymore} 39. Rc3 Kh7 40.
Rd8 Qb1+ 41. Kh2 $18) 39. Rdd1 (39. Rd8+ Kg7 40. Qf8+ Kf6 41. Qh8+ Ke7 42. Re8+
Kd6 43. Qf8+ Re7 44. Qxe7+ Ke5 45. Qg5+ f5 46. Rc5+ Kd6 47. Qe7#) 39... Rb8 40.
g5 (40. Ra1 {and White can already relax} Qb3 41. Qa7 e5 $18) 40... e5 (40...
h6 {does not help much} 41. gxh6 Rb5 42. Qe3 $18) 41. Re1 (41. Qd5 {
seems even better} Re8 $18) 41... Rb3 (41... Qd4 {
a fruitless try to alter the course of the game} 42. Qe7 (42. Qxe5 $6 {
is clearly weaker} Qxe5 43. Rxe5 Rb1 $11) 42... Ra8 43. Ra1 $18) 42. Kg2 (42.
Qxe5 $6 {is clearly worse} Qxe5 43. Rxe5 Rb1 $11) 42... Ra3 {
Black prepares the advance a1} 43. Rxe5 (43. Qe7 $5 {might be the shorter path}
Ra8 44. Red1 Qb8 $18) 43... a1=Q (43... Ra8 {praying for a miracle} 44. Ree1 h6
$18) 44. Re8+ (44. Re8+ Kg7 45. Qf8#) 1-0

[Event "Modbury Championship"]
[Site "Modbury"]
[Date "2002.06.28"]
[Round "3.2"]
[White "Lutley, Philip"]
[Black "Kramer, Warren"]
[Result "1-0"]
[WhiteElo "1449"]
[BlackElo "1403"]
[Annotator "Fritz 7"]
[PlyCount "83"]
[EventDate "2002.08.02"]
[EventType "tourn"]
[EventRounds "7"]
[EventCountry "AUS"]

{B46: Sicilian: Taimanov: 5 Nc3 a6} 1. e4 c5 2. Nf3 Nc6 3. d4 cxd4 4. Nxd4 a6
5. Nc3 e6 6. Be3 Bb4 (6... g6 7. Bc4 Bg7 8. Bb3 Nge7 9. f4 O-O 10. g4 d5 11. e5
f6 12. exf6 Bxf6 13. O-O Nxd4 14. Bxd4 Nc6 15. Ne2 Nxd4 16. Nxd4 Qb6 17. c3 Bd7
18. Kg2 Kh8 19. Rf3 e5 20. fxe5 Bxe5 21. Rh3 Rf4 22. Qe2 Rxg4+ 23. Kh1 Re4 24.
Re3 Bg4 25. Rxe4 Bxe2 26. Rxe5 Bc4 27. Rae1 Bxb3 28. axb3 Rf8 29. Re6 Qc7 30.
Re7 Rf1+ {1-0 Jonuscheit,W-Pollok,J/Bargteheide 1988/EXT 97 (30)}) 7. Bd3 (7.
Nxc6 bxc6 8. Qd4 Bxc3+ 9. Qxc3 Nf6 10. Bd3 Bb7 11. Qb4 Qb8 12. Bc5 Bc8 13. Qa3
d5 14. Bd6 Qb6 15. e5 Nd7 16. O-O Bb7 17. Rfe1 c5 18. b4 c4 19. Bf1 Nb8 20. Qg3
g6 21. Qh3 Qd8 22. Qh6 Kd7 23. Rad1 Nc6 24. Bxc4 Ne7 25. Bc5 Rc8 26. Bb3 Bc6
27. c4 Ke8 28. Qg7 Kd7 29. cxd5 exd5 30. Qxf7 Re8 31. Bxd5 {
1-0 Savova,S-Sievey,J/Dubai 1986/TD (31)}) 7... Bxc3+ $146 (7... Nge7 8. O-O
O-O 9. Qe2 Ne5 10. Rad1 Bxc3 11. bxc3 d6 12. f4 Nxd3 13. Rxd3 f5 14. exf5 exf5
15. Rfd1 Re8 16. Qf3 Qc7 17. Bf2 g6 18. Re3 Bd7 19. Rde1 Bc6 20. Nxc6 bxc6 21.
Bh4 Qb6 22. Qf2 {1-0 Geller,E-Anduyar,M/Siegen 1970/MCD (22)}) 8. bxc3 Nge7 9.
O-O O-O 10. f4 d5 11. Nxc6 Nxc6 12. Qf3 Qa5 13. Rab1 dxe4 14. Bxe4 Qxc3 (14...
Qxa2 15. Bc5 Rd8 16. Qe2 $11) 15. Rb3 $14 Qc4 16. Rd1 f5 17. Bxc6 bxc6 18. Rd6
Qxc2 19. Rxc6 (19. Rd2 $5 {must definitely be considered} Qc1+ 20. Rd1 $11)
19... Qxa2 $17 20. Bd4 Qa5 (20... Qd2 21. Be5 $17) 21. Qe3 {
Attacking the backward pawn on e6} Bd7 (21... Rf7 22. Rc5 Qd8 23. Rd3 $15) 22.
Rb7 (22. Rxe6 Rf7 23. Re7 Bc6 24. Rxf7 Kxf7 $15) 22... Qd5 $15 23. Rcc7 Rfd8 $4
{releasing the pressure on the opponent} (23... Rf7 24. Qf2 $17) 24. Qc3 $4 {
throws away the game} (24. Qe5 $5 Qxe5 25. Bxe5 a5 26. Rxd7 Rxd7 27. Rxd7 g6
$18) 24... Rab8 $4 {forfeits the advantage} (24... Rac8 $142 $15 {
saving the game}) 25. Rxd7 $1 $18 {Annihilates a defender: d7} Rxd7 {
Deflection from b8} (25... Qxd7 26. Rxd7) 26. Rxb8+ Kf7 27. Rb4 a5 (27... Qd6
28. g3 $18 (28. Bxg7 $4 {That pawn is poisoned} Qd1+ 29. Kf2 Rd2+ 30. Qxd2
Qxd2+ 31. Kf1 Qxb4 $19)) 28. Rc4 Qb5 $2 (28... g5 $18) 29. Bxg7 Rd1+ (29...
Qb6+ {hardly improves anything} 30. Kf1 e5 31. Bxe5 Qb1+ 32. Kf2 Qa2+ 33. Kf3
$18) 30. Kf2 Rd2+ (30... e5 {doesn't get the bull off the ice} 31. Bxe5 Rd8 32.
h3 $18) 31. Kg3 (31. Ke3 e5 32. Kxd2 Kxg7 33. Qg3+ Kf6 34. fxe5+ Ke6 35. Qg8+
Kxe5 36. Qg3+ Ke6 37. Qe3+ Kf6 38. Rc6+ Qxc6 39. Qh6+ Kf7 40. Qxc6 Ke7 $18)
31... e5 32. Rc7+ (32. fxe5 $5 {seems even better} Kxg7 33. Rc7+ Kf8 34. Qxd2
Qxe5+ 35. Qf4 Qxf4+ 36. Kxf4 a4 $18) 32... Rd7 33. Rxd7+ Qxd7 34. Bxe5 Kg6 (
34... a4 {is not the saving move} 35. Qc4+ Kf8 36. Qa6 $18) 35. Qxa5 Qd3+ (
35... Kh5 {the only chance to get some counterplay} 36. Bd4 h6 $18) 36. Kh4 Qd7
37. Qb6+ Kf7 38. Qf6+ Ke8 39. Qh8+ (39. Kh5 Qd5 40. Qh8+ Kd7 41. Qxh7+ Kc6 42.
Qxf5 Qxg2 43. Qg6+ Qxg6+ 44. Kxg6 $18) 39... Kf7 (39... Ke7 $18 {desperation})
40. Qxh7+ Ke6 41. Qxd7+ Kxd7 42. Kg5 (42. Kg5 Kd8 43. h4 Ke7 44. h5 Ke6 45. h6
Ke7 46. h7 Ke8 47. h8=Q+ Kf7 48. Qd8 Ke6 49. Bf6 Kf7 50. Qe7+ Kg8 51. Qg7#) (
42. Kg3 Kc6 43. h4 Kc5 44. h5 Kc6 45. h6 Kd7 46. h7 Kc8 47. h8=Q+ Kb7 48. Qf6
Ka7 49. Qd6 Kb7 50. Qc7+ Ka6 51. Qc6+ Ka7 52. Qb5 Ka8 53. Qa6#) 1-0

[Event "Modbury Championship"]
[Site "Modbury"]
[Date "2002.07.05"]
[Round "4.2"]
[White "De Jong, George"]
[Black "Anderson-Smith, William"]
[Result "0-1"]
[WhiteElo "1369"]
[BlackElo "1613"]
[Annotator "Fritz 7"]
[PlyCount "108"]
[EventDate "2002.08.02"]
[EventType "tourn"]
[EventRounds "7"]
[EventCountry "AUS"]

{B00: Queen's Fianchetto Defence, Nimzowitsch Defence} 1. e4 a6 2. Nf3 (2. g3
b5 3. Bg2 Bb7 4. d3 e6 5. Nf3 c5 6. O-O Nf6 7. Re1 d6 8. a4 Be7 {
1/2-1/2 Hamdouchi,H-Stefanova,A/Santo Antonio 1999/CBM 70 ext (8)}) 2... e6
$146 (2... b5 3. Bd3 (3. d3 Bb7 4. g3 g6 5. Bg2 Bg7 6. O-O Nf6 7. Re1 O-O 8.
Nbd2 c5 9. Nf1 d6 10. h4 Nbd7 11. N1h2 Rc8 12. Be3 c4 13. Qd2 cxd3 14. cxd3 Ne5
15. Bh3 e6 16. Nd4 Qd7 17. f4 Nc6 {
Silva,F-Ferreira,A/Porto 1999/EXT 2001/1/2-1/2 (28)}) (3. a3 Bb7 4. Nc3 c5 5.
b4 e6 6. bxc5 Bxc5 7. d4 Bb6 8. Bd3 Ne7 9. O-O d6 10. Bg5 Nbc6 11. d5 Nd4 12.
Nxd4 Bxd4 13. Qd2 Rc8 14. Ne2 Bxa1 15. Rxa1 f6 16. Bh4 exd5 17. exd5 Bxd5 {
Husfeldt,P-Scepanik,H/Bargteheide 1989/TD/0-1 (57)}) 3... Bb7 4. O-O c5 5. c3
g6 6. Re1 Nc6 7. a4 b4 8. Bc4 Bg7 9. d4 cxd4 10. cxd4 Qc7 11. Ba2 Rc8 12. Qb3
e6 13. d5 Nd4 14. Nxd4 Bxd4 15. Qxb4 Qxc1 16. Nc3 Bxc3 17. bxc3 {
Stripunsky,A-Hosticka,F/Ceske Budejovice 1995/EXT 97/1-0 (35)}) (2... g6 3. g3
d5 4. exd5 Qxd5 5. Nc3 Qd8 6. Bg2 Nf6 7. O-O Bg7 8. Re1 O-O 9. d4 c6 10. Bg5 h6
11. Bxf6 Bxf6 12. Ne4 Bg7 13. c3 Nd7 14. Qb3 Kh7 15. Re2 a5 16. Rae1 a4 17. Qc2
{Shchukin,D-Kornev,A/St Petersburg 2001/CBM 82 ext/0-1 (86)}) 3. Nc3 b5 4. a3 {
Consolidates b4} Bb7 5. d3 Nf6 6. Bg5 Be7 7. g3 d5 8. exd5 Nxd5 9. Bxe7 Qxe7
10. Ne4 Nd7 11. Bg2 Rd8 12. O-O O-O 13. Qe2 N7f6 14. Ned2 c5 15. Rad1 Nb6 16.
Ne5 Bxg2 17. Kxg2 Rd5 18. Kg1 Nbd7 19. Nxd7 Qxd7 20. Ne4 Nxe4 21. dxe4 Rd4 22.
c3 Rxd1 23. Rxd1 Qc7 24. f3 Rd8 25. Rxd8+ Qxd8 26. Kf2 Kf8 27. Ke3 c4 28. Qd2
Qxd2+ 29. Kxd2 e5 30. Ke3 Ke7 31. f4 f6 32. f5 g5 33. Kf3 h5 34. h3 Kd6 35. g4
h4 36. Ke3 Kc5 37. Kd2 Kb6 38. Kc2 Ka5 39. Kb1 Ka4 {Black activates its king}
40. Kc2 a5 41. Kb1 Kb3 42. Kc1 Ka4 43. Kc2 (43. Kd2 $142 $11 {was possible})
43... b4 $19 44. axb4 (44. Kb1 {there is nothing else anyway} bxc3 45. Kc2 cxb2
46. Kxb2 c3+ 47. Kxc3 Kxa3 48. Kc4 $19) 44... axb4 45. cxb4 Kxb4 46. Kd2 Kb3
47. Kc1 c3 48. bxc3 Kxc3 49. Kd1 Kd3 50. Ke1 Kxe4 51. Kf2 Kf4 (51... Kd3 52.
Kf1 Kd2 53. Kf2 e4 54. Kg2 e3 55. Kg1 e2 56. Kh1 e1=Q+ 57. Kh2 Ke3 58. Kg2 Qe2+
59. Kg1 Kf3 60. Kh1 Qg2#) 52. Kg2 Ke3 53. Kf1 (53. Kg1 {
cannot undo what has already been done} e4 54. Kf1 Kd2 55. Kf2 e3+ 56. Kg1 e2
57. Kg2 Ke3 58. Kg1 e1=Q+ 59. Kg2 Qe2+ 60. Kg1 Kf3 61. Kh1 Qg2#) 53... Kd2 54.
Kf2 (54. Kg1 {is not the saving move} e4 55. Kf2 e3+ 56. Kf1 e2+ 57. Kg1 e1=Q+
58. Kg2 Qg3+ 59. Kf1 Qxh3+ 60. Kf2 Qh2+ 61. Kf1 Ke3 62. Ke1 Qe2#) 54... e4 (
54... e4 55. Kf1 e3 56. Kg2 e2 57. Kf2 e1=Q+ 58. Kg2 Ke3 59. Kh2 Qd2+ 60. Kh1
Kf3 61. Kg1 Qg2#) 0-1

[Event "Modbury Championship"]
[Site "Modbury"]
[Date "2002.07.05"]
[Round "4.4"]
[White "Porlaje, Benjamin"]
[Black "Lutley, Philip"]
[Result "0-1"]
[WhiteElo "1493"]
[BlackElo "1449"]
[Annotator "Fritz 7"]
[PlyCount "84"]
[EventDate "2002.08.02"]
[EventType "tourn"]
[EventRounds "7"]
[EventCountry "AUS"]

{B86: Sicilian Scheveningen/Najdorf: 6 Bc4, without early ...b5} 1. e4 c5 2.
Nf3 d6 3. d4 cxd4 4. Nxd4 Nf6 5. Nc3 a6 6. Bc4 e6 7. O-O Be7 8. Be3 Qc7 9. Bb3
O-O 10. f4 Bd7 11. Qf3 Nc6 12. a3 $146 {Controls b4} (12. Rae1 b5 13. a3 Nxd4
14. Bxd4 a5 15. e5 Ne8 16. Qxa8 {1-0 Zhugder-Sapre,R/Moscow 1956/MCD (16)}) (
12. f5 Kh8 13. Nxc6 Bxc6 14. Rae1 b5 15. fxe6 fxe6 16. Bxe6 b4 17. Ne2 Bxe4 18.
Qh3 d5 19. Nd4 Bc5 20. Bf5 Qa7 21. c3 bxc3 22. bxc3 Rae8 23. Kh1 Bxf5 24. Qxf5
Kg8 25. Bg1 Rxe1 26. Rxe1 Qb8 {
Golubev,M-Reddmann,H/Hamburg 1999/EXT 2001/1/2-1/2 (36)}) (12. Rad1 b5 13. a3 (
13. h3 Nxd4 14. Bxd4 Bc6 15. a3 a5 16. Qe2 b4 17. axb4 axb4 18. Nb5 Qb8 19.
Nxd6 Bxd6 20. e5 Be7 21. exf6 Bxf6 22. Bxf6 gxf6 23. Qg4+ Kh8 24. Qh4 Qa7+ 25.
Kh2 Qe7 26. Rfe1 Rad8 27. Rxd8 Qxd8 28. Re2 Rg8 29. Qe1 Qd6 30. Qd2 Qf8 31. Rf2
Qg7 32. Qe3 Qxg2+ 33. Rxg2 Rxg2+ 34. Kh1 Re2+ {
0-1 Otto,A-Pietzsch,W/Schwerin 1951/EXT 2000 (34)}) 13... Nxd4 14. Bxd4 Bc6 15.
f5 e5 16. Bf2 a5 17. g4 b4 18. axb4 axb4 19. Nd5 Nxd5 20. exd5 Ba4 21. h4 Rfc8
22. g5 Bxb3 23. cxb3 Qc2 24. f6 gxf6 25. gxf6 Qg6+ 26. Bg3 Bxf6 27. Kh1 Bg7 28.
Rg1 Qh6 29. Rdf1 Kh8 30. h5 Rc2 31. Bh4 e4 32. Qxf7 Be5 33. Bf6+ Qxf6 34. Qxf6+
Bxf6 35. Rxf6 Re8 36. Re6 Rxe6 37. dxe6 Rc5 38. Rd1 e3 39. Kg2 e2 40. Re1 Re5
41. Kf3 Rxe6 42. Rxe2 Rxe2 43. Kxe2 Kg7 44. Kd3 d5 45. Kd4 Kh6 46. Kc5 Kxh5 {
1/2-1/2 Ciocaltea,V-Pedersen,E/Prague 1954/EXT 98 (46)}) 12... Rad8 13. Rad1
Kh8 14. h3 {Secures g4} Nxd4 15. Bxd4 e5 16. fxe5 dxe5 17. Be3 Bxa3 (17... Be6
$142 $5 $11 {should not be overlooked}) 18. bxa3 $16 Qxc3 19. Rd3 (19. Bb6 $5
Qc8 20. Bxd8 Qxd8 21. Qc3 Qb6+ 22. Kh2 $16) 19... Qc7 $14 20. Bg5 Qb6+ (20...
Bb5 21. c4 Bc6 22. Bxf6 Rxd3 23. Bxg7+ Kxg7 24. Qxd3 $14) 21. Kh2 Bb5 22. Rxd8
Rxd8 (22... Qxd8 23. c4 Bc6 24. Rd1 $11 (24. Bxf6 $143 Qxf6 (24... gxf6 $143
25. c5 $14) 25. Qxf6 gxf6 $15)) 23. Rf2 (23. c4 Be8 24. c5 Qc6 $18) 23... Rd4 {
Exerts pressure on the isolated pawn} (23... Rd6 $5 {
is an interesting alternative} 24. Bxf7 Qc5 $11) 24. Bxf6 Qxf6 $2 (24... gxf6
$142 25. Qh5 Qd8 $16) 25. Qxf6 $4 {throws away a nice position} (25. Qg4 $142 {
and White takes home the point} Bd7 26. Rxf6 Bxg4 27. Rxf7 $18) 25... gxf6 $11
26. Rxf6 Rxe4 27. Rxf7 Bc6 28. Rf2 (28. g4 $5 $11 {is worthy of consideration})
28... Kg7 29. a4 Kh6 30. Rf6+ (30. a5 $5 $15 {is noteworthy}) 30... Kg5 $17 31.
Rf2 Bxa4 32. Be6 (32. Bd5 $142 $5 Re3 33. Bxb7 $17) 32... Bc6 33. g3 Re1 34.
h4+ Kg6 35. g4 Rh1+ $4 {forfeits the advantage} (35... a5 $142 $19 {
Black had this great chance}) 36. Kg3 $11 Rg1+ 37. Kh3 Rh1+ 38. Kg3 Re1 (38...
h5 $142 $5 {and Black can hope to live} 39. g5 Rg1+ 40. Kh2 Ra1 $11) 39. h5+
$16 Kg7 40. Rf7+ Kh6 41. Rf6+ Kg7 42. h6+ $4 {
stumbles just before the finish line} (42. g5 $142 Rg1+ 43. Kh4 Rh1+ 44. Kg4
Rg1+ 45. Kf5 Rf1+ 46. Kxe5 Rxf6 47. gxf6+ Kf8 48. h6 $16) 42... Kxf6 $19 (42...
Kxf6 43. Kf2 Rh1 $19) 0-1

[Event "Modbury Championship"]
[Site "Modbury"]
[Date "2002.07.19"]
[Round "5.1"]
[White "Lutley, Philip"]
[Black "Watters, Daniel"]
[Result "1/2-1/2"]
[WhiteElo "1449"]
[BlackElo "1492"]
[Annotator "Fritz 7"]
[PlyCount "127"]
[EventDate "2002.08.02"]
[EventType "tourn"]
[EventRounds "7"]
[EventCountry "AUS"]

{B98: Sicilian Najdorf: 6 Bg5 e6 7 f4 Be7, sidelines} 1. e4 c5 2. Nf3 d6 3. d4
cxd4 4. Nxd4 Nf6 5. Nc3 a6 6. Bg5 e6 7. f4 Be7 8. Qf3 Nc6 9. Nb3 (9. O-O-O Nxd4
10. Rxd4 Qb6 (10... Qa5 11. Ra4 Qc7 12. Bb5+ Kf8 13. Rd1 Rb8 14. Be2 b5 15.
Rad4 b4 16. Nb1 e5 17. fxe5 dxe5 18. Qg3 Be6 19. Bxf6 Bxf6 20. Bxa6 h6 21. Rd5
Bxd5 22. Rxd5 Qb6 23. Bf1 Rd8 24. c4 Rxd5 25. exd5 {
Tornai,I-Berczes,D/Budapest 2000/CBM 76 ext/0-1 (38)}) 11. Rd2 h6 12. Bh4 Nxe4
13. Nxe4 Bxh4 14. Nxd6+ Kf8 15. Qh5 Qc7 16. Qxh4 b5 17. Nxb5 Qe7 18. Rd8+ {
1-0 Rubinetti,J-Thompson,C/Nice 1974/EXT 2000 (18)}) 9... Bd7 $146 (9... h6 10.
Qh3 Bd7 11. O-O-O Qc7 12. f5 O-O-O 13. Be3 Nxe4 14. Nxe4 exf5 15. Nc3 f4 16.
Qh5 fxe3 17. Nd5 Qb8 18. Na5 Bg5 19. Nb6+ Kc7 20. Nd5+ {
1/2-1/2 Blatny,F-Bertok,M/Bratislava 1957/EXT 98 (20)}) 10. O-O-O h6 (10... Qc7
11. Kb1 $11) 11. Bh4 (11. Bxf6 gxf6 12. Kb1 b5 $16) 11... Rc8 (11... Qc7 12.
Qg3 $11) 12. Bd3 (12. Bxf6 Bxf6 13. Rxd6 Be7 $16) 12... e5 (12... b5 13. Kb1
$11) 13. f5 $14 {White gets more space} Nd4 14. Nxd4 exd4 15. Ne2 Qb6 16. Bf2
Bb5 17. Bxd4 Qc6 18. Nc3 Bxd3 19. Qxd3 (19. cxd3 $6 Qa4 20. Qf2 Qxa2 $14) 19...
b5 (19... O-O 20. Kb1 $18) 20. a3 (20. Nd5 $5 Nxd5 21. exd5 Qc4 22. Bxg7 Rg8
$18) 20... O-O 21. Rhg1 Nd7 22. Kb1 Ne5 23. Bxe5 dxe5 24. Qd7 (24. Nd5 Rfe8 $16
) 24... Qc5 25. Qd5 b4 26. axb4 Qxb4 27. Qb3 (27. Qxe5 $5 Bh4 28. Qd6 $16)
27... Qc5 28. Qd5 (28. Nd5 $14) 28... Qb4 $16 29. Na2 $4 {
a transit from better to worse} (29. Qxe5 $142 Qb7 30. Nd5 $16) 29... Qb6 30.
Rgf1 (30. Qb3 Qf2 $11) 30... Rc5 $15 31. Qd7 $2 (31. Qb3 Rb5 32. Qc3 a5 $15)
31... Rc7 (31... Rb8 $142 {a shame that Black overlooked this excellent chance}
32. b4 Rc7 $19) 32. Qa4 Rfc8 33. c3 {Consolidates b4} (33. Rf3 $5 $11) 33...
Rc4 34. Qc2 a5 35. Rd7 Bg5 36. Rfd1 Qe3 (36... Rb8 37. R7d6 Qe3 38. R6d5 $15)
37. Qd3 Rxe4 38. Qxe3 Rxe3 39. Ra7 Re2 40. Nc1 (40. Rxa5 e4 $15) 40... Bxc1 (
40... Rxg2 $142 $5 41. Rxa5 Bf6 $17 (41... Rxh2 $143 42. Rxe5 Kf8 43. Re2 Rxe2
44. Nxe2 $11)) 41. Kxc1 $11 Rb8 {Exerts pressure on the backward pawn} 42. Rd2
(42. Rxa5 $5 Rexb2 43. Rd8+ (43. Rxe5 $4 {White will choke on that pawn} Rb1+
44. Kd2 Rd8+ 45. Kc2 Rbxd1 $19) 43... Rxd8 44. Kxb2 Rd2+ 45. Kb3 Rxg2 46. Rxe5
Rxh2 47. c4 $11) 42... Rxd2 $15 43. Kxd2 Rxb2+ 44. Ke3 (44. Kd3 Rxg2 45. Rxa5
f6 $15) 44... Rxg2 $17 45. Ra8+ Kh7 46. Rxa5 Rxh2 (46... f6 47. c4 $17) 47.
Rxe5 $15 Rh4 48. Re4 $4 (48. Kd3 Rh1 $15) 48... Rh5 $4 {
simply marches past the door to victory} (48... Rxe4+ $142 {
makes sure everything is clear} 49. Kxe4 Kg8 $19) 49. Rf4 $15 g5 50. fxg6+ fxg6
51. c4 Rc5 52. Kd4 Rc8 53. c5 g5 54. Rf5 (54. Rf1 h5 $11) 54... Kg6 $15 55. Rd5
$2 (55. Rf1 $142 $5 $15 {and White hangs on}) 55... g4 $19 56. Ke3 (56. Ke4 h5
$19) 56... h5 57. Kf2 $2 (57. Rd6+ $142 Kg5 58. c6 $19) 57... Rf8+ 58. Kg2 (58.
Ke2 g3 59. Rd1 $19) 58... h4 (58... Rf5 $142 {and Black can already relax} 59.
Rd8 Rxc5 $19) 59. Rd6+ $2 (59. c6 Rf3 60. Rc5 h3+ 61. Kg1 g3 $11) 59... Kf5 (
59... Kg5 $142 {Black has a promising position} 60. Rd1 h3+ 61. Kg1 g3 $17) 60.
c6 $11 Rc8 61. Rd5+ Ke6 62. Rh5 h3+ 63. Kg3 Rxc6 64. Kxg4 1/2-1/2

[Event "Modbury Championship"]
[Site "Modbury"]
[Date "2002.07.19"]
[Round "5.3"]
[White "Anderson-Smith, William"]
[Black "Kramer, Warren"]
[Result "1-0"]
[WhiteElo "1613"]
[BlackElo "1403"]
[Annotator "Fritz 7"]
[PlyCount "93"]
[EventDate "2002.08.02"]
[EventType "tourn"]
[EventRounds "7"]
[EventCountry "AUS"]

{A65: Modern Benoni: 6 e4} 1. d4 Nf6 2. c4 c5 3. d5 e6 4. Nc3 exd5 5. cxd5 d6
6. e4 Nfd7 $146 (6... g6 7. f4 Bg7 8. Bb5+ Nfd7 9. a4 O-O 10. Nf3 a6 11. Bd3
Re8 12. O-O b6 (12... Qc7 13. Nd2 Nf6 14. Qf3 Nbd7 15. Nc4 Rb8 16. a5 b5 17.
axb6 Nxb6 18. e5 dxe5 19. fxe5 Ng4 20. Bf4 Nxc4 21. Bxc4 Bxe5 22. d6 Qd7 23.
Rad1 Rxb2 24. Bc1 Bxh2+ 25. Kh1 Rb7 26. Ne4 Qf5 27. Qxf5 {
Bazant,P-Pikulik,M/Brno 1986/EXT 2000/0-1 (38)}) 13. Ra3 Qc7 14. Nd2 Nf6 15. h3
Nbd7 16. Qf3 Bb7 17. g4 c4 18. Bxc4 Nc5 19. b4 Ncxe4 20. Ncxe4 Nxe4 21. Nxe4 {
Orel,S-Krmelj,N/SLO 1993/TD/1/2-1/2 (41)}) 7. f4 g6 8. Nf3 a6 {Covers b5} 9. a4
Bg7 10. Bd3 O-O 11. O-O Re8 12. Kh1 b6 13. Bd2 Bb7 14. Qc2 Qc8 15. Bc4 Qd8 16.
Rae1 f6 {Controls e5+g5} 17. b3 Kh8 18. e5 dxe5 19. fxe5 Nxe5 20. Nxe5 fxe5 21.
Rf7 Bc8 22. Bd3 (22. Ref1 Rf8 23. Qc1 Rxf7 24. Rxf7 $18) 22... Rf8 $11 23. Ref1
Rxf7 24. Rxf7 Qe8 $4 (24... Qg8 $142 {was a good chance to save the game} 25.
Rc7 a5 $14) 25. Bxg6 $1 $18 {Demolishes the pawn shield} Qg8 (25... hxg6 26.
Qxg6) 26. Bh5 (26. Bh6 $142 $1 {and White takes home the point} Qxf7 27. Bxf7
Bxh6 28. Qe4 $18) 26... Bg4 $5 $11 27. Bg6 $2 (27. Bxg4 {A deflection} Qxf7 {
A pinning theme}) 27... Bd7 $4 {instead of simply winning the game} (27... hxg6
$142 28. Qxg6 Nd7 $19) 28. Bh6 $3 $18 {this sacrifice makes everything clear}
Qxf7 (28... Bxh6 {Exploits the pin} 29. Rxh7+ {A double attack}) 29. Bxf7 Bxh6
30. Qe4 Bg7 31. Qh4 Nc6 32. dxc6 Bxc6 33. Ne4 Bxe4 (33... h6 {
doesn't improve anything} 34. Ng3 Rf8 35. Qh5 $18) 34. Qxe4 Rf8 (34... Rd8 {
does not save the day} 35. g3 b5 36. Qc6 $18) 35. Bc4 Rf4 (35... Bf6 {
cannot change destiny} 36. Bd3 Rf7 37. g4 $18) 36. Qd5 Rf8 37. h4 a5 (37... b5
{cannot change what is in store for ?} 38. axb5 axb5 39. Bxb5 $18) 38. g4 e4 (
38... Bf6 {does not win a prize} 39. g5 Bg7 40. h5 $18) 39. Qxe4 Bd4 40. g5 Bg7
(40... Ba1 {doesn't change the outcome of the game} 41. Bd3 Rf1+ 42. Bxf1 b5
43. Qe7 Kg8 44. axb5 h5 45. Bc4+ Kh8 46. Qd8+ Kg7 47. Qg8#) 41. h5 h6 (41...
Rf4 {doesn't get the bull off the ice} 42. Qxf4 h6 43. Qf7 hxg5 44. Qg8#) 42.
gxh6 Bxh6 (42... Bc3 {cannot undo what has already been done} 43. Bd3 Rf1+ 44.
Kh2 Rf2+ 45. Kg3 Rf5 46. Qe8+ Kh7 47. Bxf5+ Kxh6 48. Qg6#) 43. Qg6 Bg7 (43...
Bf4 {is not the saving move} 44. Bd3 Rf5 45. Bxf5 c4 46. Qh7#) 44. h6 Bd4 (
44... Bb2 {doesn't change anything anymore} 45. Bd3 Rf7 46. Qxf7 c4 47. Qe8#)
45. Bd3 Rf1+ 46. Bxf1 c4 (46... Be5 {
a fruitless try to alter the course of the game} 47. Bc4 Bd4 48. Qg8#) 47. Bxc4
(47. Bxc4 b5 48. Qg8#) 1-0